<?xml version="1.0" encoding="UTF-8"?>
<record
    xmlns:xsi="http://www.w3.org/2001/XMLSchema-instance"
    xsi:schemaLocation="http://www.loc.gov/MARC21/slim http://www.loc.gov/standards/marcxml/schema/MARC21slim.xsd"
    xmlns="http://www.loc.gov/MARC21/slim">

  <leader>01110    a2200169   4500</leader>
  <controlfield tag="003">NUST</controlfield>
  <controlfield tag="005">20230131153644.0</controlfield>
  <datafield tag="040" ind1=" " ind2=" ">
    <subfield code="c">Nust</subfield>
  </datafield>
  <datafield tag="082" ind1=" " ind2=" ">
    <subfield code="a">941.1,FAW</subfield>
  </datafield>
  <datafield tag="100" ind1=" " ind2=" ">
    <subfield code="a">Fawcett.C.B</subfield>
    <subfield code="9">108297</subfield>
  </datafield>
  <datafield tag="245" ind1=" " ind2=" ">
    <subfield code="a">A Political Geography of the British Empire /</subfield>
    <subfield code="c">C.B.Fawcett and B Litt</subfield>
  </datafield>
  <datafield tag="260" ind1=" " ind2=" ">
    <subfield code="a">London</subfield>
    <subfield code="b">University Of London</subfield>
    <subfield code="c">1933</subfield>
  </datafield>
  <datafield tag="300" ind1=" " ind2=" ">
    <subfield code="a">408:p.</subfield>
  </datafield>
  <datafield tag="505" ind1=" " ind2=" ">
    <subfield code="a">Introduction (Page-1), The Geographical Position Of The Lands Of The Empire (Page-11), The Peoples Of The Empire (Page-23), The British Commonwealth (Page-34), The Dependencies (Page-49), Seaways And Airways (Page-59), The British Isles (Page-69), Canada (Page-117), Newfoundland (Page-146), Australia (Page-150), Newzealand (Page-178), South Africa (Page-188), India (Page-220), The British Empire In Southeastern Asia (Page-258), The British Empire In Near East (Page-272), The British Empire In East Africa (Page-299), The British Empire In West Africa (Page-316), The Smaller Scattered Dependencies (Page-331), Some World Relations Of The British Empire (Page-365).</subfield>
  </datafield>
  <datafield tag="650" ind1=" " ind2=" ">
    <subfield code="a">political Geography</subfield>
    <subfield code="9">33745</subfield>
  </datafield>
  <datafield tag="942" ind1=" " ind2=" ">
    <subfield code="2">ddc</subfield>
    <subfield code="c">BK</subfield>
    <subfield code="k">941.1,FAW</subfield>
  </datafield>
  <datafield tag="999" ind1=" " ind2=" ">
    <subfield code="c">187223</subfield>
    <subfield code="d">187223</subfield>
  </datafield>
  <datafield tag="952" ind1=" " ind2=" ">
    <subfield code="0">0</subfield>
    <subfield code="1">0</subfield>
    <subfield code="2">ddc</subfield>
    <subfield code="4">0</subfield>
    <subfield code="7">0</subfield>
    <subfield code="a">MCS</subfield>
    <subfield code="b">MCS</subfield>
    <subfield code="c">GEN</subfield>
    <subfield code="d">2016-12-12</subfield>
    <subfield code="o">941.1,FAW</subfield>
    <subfield code="p">MCS29132</subfield>
    <subfield code="r">2016-12-08</subfield>
    <subfield code="w">2016-12-12</subfield>
    <subfield code="y">BK</subfield>
    <subfield code="z">Almirah No.60, Shelf No.4</subfield>
  </datafield>
</record>
